All WWE Ladder Match Participants - Statistics

General Stats
  • This quiz has been taken 655 times
  • The average score is 41 of 103
Answer Stats
No. of Matches Last Match Wrestler % Correct
12 2017 Jeff Hardy
92%
6 2009 Edge
91%
7 2017 Matt Hardy
91%
6 2008 Shawn Michaels
87%
8 2011 Christian
85%
3 2011 Triple H
85%
2 2014 John Cena
83%
1 2014 Kane
82%
1 2014 Randy Orton
81%
2 2018 Seth Rollins
80%
1 2002 The Undertaker
78%
2 2015 Dean Ambrose
77%
1 2014 Roman Reigns
76%
3 2020 Kofi Kingston
75%
3 2017 Sheamus
75%
3 2018 The Miz
75%
3 2008 Chris Jericho
73%
2 2020 Rey Mysterio
71%
1 2006 The Big Show
71%
2 1999 The Rock
70%
1 2000 D-Von Dudley
69%
1 2000 Bubba Ray Dudley
68%
2 2017 Cesaro
67%
6 2016 Dolph Ziggler
66%
2 1995 Razor Ramon
65%
1 1999 Stone Cold Steve Austin
65%
3 2005 Eddie Guerrero
63%
6 2006 Rob Van Dam
63%
2 2001 Chris Benoit
62%
3 2019 Kevin Owens
62%
1 2015 Daniel Bryan
61%
1 2015 Big E
60%
1 2016 Sami Zayn
57%
1 2015 Jey Uso
56%
2 2020 Jimmy Uso
56%
4 2020 John Morrison
56%
1 2016 AJ Styles
55%
2 2005 Kurt Angle
53%
1 1992 Bret Hart
52%
2 2019 Shane McMahon
51%
1 1999 Vince McMahon
50%
3 2009 Shelton Benjamin
49%
2 2014 Alberto Del Rio
47%
1 2014 Bray Wyatt
46%
2 1999 Mankind
45%
2 2015 Luke Harper
43%
2 2018 Finn Balor
42%
1 2016 Zack Ryder
40%
1 2018 Bobby Lashley
39%
2 2016 Sin Cara
39%
1 2015 Bad News Barrett
38%
1 2015 R-Truth
38%
2 2019 Adam Cole
35%
1 2007 Carlito
34%
1 2010 Jack Swagger
34%
1 2018 Ricochet
32%
1 2015 Kalisto
31%
1 2011 Kevin Nash
29%
1 2018 Velveteen Dream
28%
1 1996 Goldust
27%
1 2017 Johnny Gargano
27%
1 1998 The Big Boss Man
27%
1 2006 Joey Mercury
25%
1 2017 Tomasso Ciampa
25%
1 2018 Samoa Joe
24%
1 2006 William Regal
24%
2 2007 Charlie Haas
21%
1 2017 Karl Anderson
19%
1 2017 Luke Gallows
19%
1 2014 Neville
19%
1 2020 Andrade
18%
1 2017 Big Cass
18%
1 2017 Enzo Amore
18%
1 2006 Brian Kendrick
17%
1 2006 Paul London
17%
1 2006 Sabu
17%
2 2016 Stardust
17%
1 2018 EC3
14%
1 2018 Lars Sullivan
14%
1 2014 Bo Dallas
13%
1 2003 Tajiri
13%
1 2017 Akam
12%
1 2018 Killian Dain
12%
1 2017 Rezar
12%
1 2019 Angelo Dawkins
11%
1 2019 Bobby Fish
11%
1 2006 Dave Taylor
11%
1 2019 Montez Ford
11%
1 2019 Kyle O'Reilly
10%
1 2018 Elias
8%
1 2020 Dakota Kai
4%
1 2019 Danny Burch
4%
2 2020 Io Shirai
4%
1 2016 James Ellsworth
4%
1 2019 Oney Lorcan
3%
1 2020 Chelsea Green
2%
1 2019 Dominik Dijakovic
2%
2 2020 Mia Yim
2%
1 2005 Mike Haywood
2%
1 2019 Steve Cutler
2%
1 2020 Tegan Nox
2%
1 2019 Wesley Blake
2%
1 2020 Candice LaRae
1%
No matching quizzes found
Score Distribution
Percent of People with Each Score
Percentile by Number Answered
Your Score History
You have not taken this quiz